000 00428pab a2200169 454500
008 180718b2004 xxu||||| |||| 00| 0 eng d
100 _aVivek Kumar
245 _aIndian democracy and personality cult
260 _c2004
300 _ap.10-12
362 _a24 Apr
650 _aDemocracy - India
650 _aIndia - Politics and government
650 _aPolitics and government
773 _aMainstream
909 _a60254
999 _c60254
_d60254